000 00258nam a22001097a 4500
082 _a511.07 THO'A
100 _aTHOMPSON, J.E
_939125
245 _aARITHMETIC FOR THE PRACTICAL MAN
260 _aNEWYORK
_bD.VAN NOSTRAND
_c1946
300 _a280P
942 _cBK
999 _c576311
_d576311